000 01502nam a2200385Ia 4500
001 ebr10160585
003 CaPaEBR
006 m u
007 cr cn|||||||||
008 061030s2006 nyub sb 000 0 eng d
015 _aGBA691803
_2bnb
020 _z9780195165104 (hbk.) :
020 _z0195165101 (hbk.) :
020 _z9780195165111 (pbk.) :
020 _z019516511X (pbk.)
040 _aCaPaEBR
_cCaPaEBR
035 _a(OCoLC)78210756
050 1 4 _aPA6238.B3
_bB37 2006eb
082 0 4 _a937.05
_222
100 1 _aBatstone, William Wendell.
245 1 0 _aCaesar's Civil War
_h[electronic resource] /
_cWilliam W. Batstone and Cynthia Damon.
260 _aNew York :
_bOxford University Press,
_c2006.
300 _axiii, 225 p. :
_bmaps.
490 1 _aOxford approaches to classical literature
504 _aIncludes bibliographical references.
533 _aElectronic reproduction.
_bPalo Alto, Calif. :
_cebrary,
_d2009.
_nAvailable via World Wide Web.
_nAccess may be limited to ebrary affiliated libraries.
600 1 0 _aCaesar, Julius.
_tDe bello civili.
651 0 _aRome
_xHistory.
651 0 _aRome
_xHistory
_yCivil War, 49-45 B.C.
_xLiterature and the war.
655 7 _aElectronic books.
_2local
700 1 _aDamon, Cynthia,
_d1957-
710 2 _aebrary, Inc.
830 0 _aOxford approaches to classical literature.
856 4 0 _uhttp://site.ebrary.com/lib/rucke/Doc?id=10160585
_zAn electronic book accessible through the World Wide Web; click to view
999 _c133043
_d133043